[Event "GER-ch Blitz 2019"]
[Site "Magdeburg"]
[Date "2019.05.25"]
[Round "25.12"]
[White "Kirchner, Thomas"]
[Black "Wichmann, Cliff"]
[Result "0-1"]
[WhiteElo "2311"]
[BlackElo "2280"]
[Annotator "NA"]
[PlyCount "80"]
[EventDate "2019.05.25"]
[EventType "tourn"]
[EventCountry "GER"]
[Tiebreak "Number of wins+Number of black wins"]
[SourceTitle "playchess.com"]
[Source "ChessBase"]
[SourceQuality "1"]
[TimeControl "180+2"]

1. e4 {[%emt 0:00:00]} e6 {[%emt 0:00:00]} 2. d4 {[%emt 0:00:00]} d5 {[%emt 0:
00:00]} 3. Bd3 {[%emt 0:00:01]} dxe4 {[%emt 0:00:00]} 4. Bxe4 {[%emt 0:00:01]}
Nf6 {[%emt 0:00:01]} 5. Bf3 {[%emt 0:00:00]} Nbd7 {[%emt 0:00:01]} 6. Ne2 {
[%emt 0:00:02]} Bd6 {[%emt 0:00:01]} 7. O-O {[%emt 0:00:01]} e5 {[%emt 0:00:00]
} 8. Nbc3 {[%emt 0:00:01]} O-O {[%emt 0:00:02]} 9. g3 {[%emt 0:00:02]} Re8 {
[%emt 0:00:01]} 10. Bg2 {[%emt 0:00:04]} h6 {[%emt 0:00:07]} 11. Re1 {[%emt 0:
00:03]} c6 {[%emt 0:00:04]} 12. Be3 {[%emt 0:00:01]} Qc7 {[%emt 0:00:01]} 13.
h3 {[%emt 0:00:01]} b6 {[%emt 0:00:12]} 14. Nb5 {[%emt 0:00:07]} cxb5 {[%emt 0:
00:08]} 15. Bxa8 {[%emt 0:00:02]} e4 {[%emt 0:00:01]} 16. Nc3 {[%emt 0:00:20]}
Ba6 {[%emt 0:00:09]} 17. Nd5 {[%emt 0:00:56]} Nxd5 {[%emt 0:00:07]} 18. Bxd5 {
[%emt 0:00:02]} Nf6 {[%emt 0:00:01]} 19. Bb3 {[%emt 0:00:01]} Bxg3 {[%emt 0:00:
01]} 20. Qe2 {[%emt 0:00:19]} Bd6 {[%emt 0:00:19]} 21. c3 {[%emt 0:00:11]} Qd7
{[%emt 0:00:03]} 22. Qf1 {[%emt 0:00:04]} b4 {[%emt 0:00:10]} 23. Qg2 {[%emt 0:
00:19]} Kh8 {[%emt 0:00:11]} 24. cxb4 {[%emt 0:00:05]} Bxb4 {[%emt 0:00:02]}
25. Rec1 {[%emt 0:00:00]} Bd6 {[%emt 0:00:16]} 26. Bc4 {[%emt 0:00:04]} Bc8 {
[%emt 0:00:03]} 27. Bf1 {[%emt 0:00:02]} Nd5 {[%emt 0:00:07]} 28. a3 {[%emt 0:
00:02]} Bf4 {[%emt 0:00:08]} 29. Re1 {[%emt 0:00:04]} Qf5 {[%emt 0:00:02]} 30.
Rac1 {[%emt 0:00:04]} Bd7 {[%emt 0:00:02]} 31. Bc4 {[%emt 0:00:08]} Bb8 {
[%emt 0:00:17]} 32. Be2 {[%emt 0:00:12]} Qe6 {[%emt 0:00:13]} 33. Bc4 {[%emt 0:
00:08]} Qd6 {[%emt 0:00:06]} 34. Bd2 {[%emt 0:00:12]} f5 {[%emt 0:00:02]} 35.
Bxd5 {[%emt 0:00:14]} Qxd5 {[%emt 0:00:01]} 36. Bb4 {[%emt 0:00:06]} f4 {
[%emt 0:00:04]} 37. Qg6 {[%emt 0:00:03]} Re6 {[%emt 0:00:12]} 38. Qf7 {[%emt 0:
00:04]} Kh7 {[%emt 0:00:01]} 39. f3 {[%emt 0:00:06]} Rg6+ {[%emt 0:00:01]} 40.
Kf2 {[%emt 0:00:01]} Qxf7 {[%emt 0:00:01]} 0-1

[Event "GER-ch Blitz 2019"]
[Site "Magdeburg"]
[Date "2019.05.25"]
[Round "25.13"]
[White "Koch, Thomas"]
[Black "Kopylov, Michael"]
[Result "1-0"]
[WhiteElo "2474"]
[BlackElo "2413"]
[Annotator "ChessBase"]
[PlyCount "89"]
[EventDate "2019.05.25"]
[EventType "tourn"]
[EventCountry "GER"]
[Tiebreak "Number of wins+Number of black wins"]
[SourceTitle "playchess.com"]
[Source "ChessBase"]
[SourceQuality "1"]
[TimeControl "180+2"]

1. d4 {[%emt 0:00:00]} d5 {[%emt 0:00:00]} 2. c4 {[%emt 0:00:00]} e6 {[%emt 0:
00:00]} 3. Nc3 {[%emt 0:00:00]} c6 {[%emt 0:00:00]} 4. e3 {[%emt 0:00:02]} Nf6
{[%emt 0:00:01]} 5. Nf3 {[%emt 0:00:01]} Nbd7 {[%emt 0:00:01]} 6. Qc2 {[%emt 0:
00:01]} Bd6 {[%emt 0:00:01]} 7. b3 {[%emt 0:00:03]} O-O {[%emt 0:00:03]} 8. Be2
{[%emt 0:00:02]} b6 {[%emt 0:00:01]} 9. O-O {[%emt 0:00:03]} Bb7 {[%emt 0:00:
00]} 10. Bb2 {[%emt 0:00:04]} Rc8 {[%emt 0:00:01]} 11. Rad1 {[%emt 0:00:04]}
Qe7 {[%emt 0:00:01]} 12. e4 {[%emt 0:00:10]} dxe4 {[%emt 0:00:05]} 13. Nxe4 {
[%emt 0:00:01]} Nxe4 {[%emt 0:00:03]} 14. Qxe4 {[%emt 0:00:01]} Nf6 {[%emt 0:
00:07]} 15. Qe3 {[%emt 0:00:13]} c5 {[%emt 0:00:02]} 16. h3 {[%emt 0:00:01]}
Rfd8 {[%emt 0:00:03]} 17. Ne5 {[%emt 0:00:08]} Nd7 {[%emt 0:00:30]} 18. Rd3 {
[%emt 0:00:25]} cxd4 19. Bxd4 {[%emt 0:00:02]} Nxe5 {[%emt 0:00:20]} 20. Bxe5 {
[%emt 0:00:01]} Bxe5 {[%emt 0:00:02]} 21. Qxe5 {[%emt 0:00:05]} Rxd3 {[%emt 0:
00:01]} 22. Bxd3 {[%emt 0:00:01]} Rd8 {[%emt 0:00:01]} 23. Rd1 {[%emt 0:00:13]}
g6 {[%emt 0:00:45]} 24. Be2 {[%emt 0:00:05]} Rxd1+ {[%emt 0:00:08]} 25. Bxd1 {
[%emt 0:00:01]} f6 {[%emt 0:00:03]} 26. Qb8+ {[%emt 0:00:09]} Kg7 {[%emt 0:00:
03]} 27. Qxa7 {[%emt 0:00:06]} Qd7 {[%emt 0:00:47]} 28. Bf3 {[%emt 0:00:07]}
Bc6 {[%emt 0:00:02]} 29. Qxb6 {[%emt 0:00:16]} Bxf3 {[%emt 0:00:03]} 30. gxf3 {
[%emt 0:00:01]} e5 {[%emt 0:00:05]} 31. Kg2 {[%emt 0:00:04]} Qd2 {[%emt 0:00:
12]} 32. Qa7+ {[%emt 0:00:03]} Kg8 {[%emt 0:00:03]} 33. h4 {[%emt 0:00:09]} Qf4
{[%emt 0:00:03]} 34. Qa8+ {[%emt 0:00:02]} Kg7 {[%emt 0:00:02]} 35. Qb7+ {
[%emt 0:00:02]} Kg8 {[%emt 0:00:01]} 36. Qe4 {[%emt 0:00:02]} Qd2 {[%emt 0:00:
01]} 37. a4 {[%emt 0:00:03]} Qc3 {[%emt 0:00:02]} 38. Qd5+ {[%emt 0:00:04]} Kg7
{[%emt 0:00:00]} 39. c5 {[%emt 0:00:02]} f5 {[%emt 0:00:04]} 40. c6 {[%emt 0:
00:04]} e4 {[%emt 0:00:01]} 41. fxe4 {[%emt 0:00:03]} fxe4 {[%emt 0:00:04]} 42.
Qxe4 {[%emt 0:00:03]} Qxb3 {[%emt 0:00:05]} 43. c7 {[%emt 0:00:14]} Qc3 {
[%emt 0:00:15]} 44. Qe7+ {[%emt 0:00:01]} Kh6 {[%emt 0:00:01]} 45. Qe3+ {
[%emt 0:00:03]} 1-0

[Event "GER-ch Blitz 2019"]
[Site "Magdeburg"]
[Date "2019.05.25"]
[Round "25.14"]
[White "Ehmann, Thilo"]
[Black "Baskin, Robert"]
[Result "1/2-1/2"]
[WhiteElo "2291"]
[BlackElo "2398"]
[Annotator "NA"]
[PlyCount "126"]
[EventDate "2019.05.25"]
[EventType "tourn"]
[EventCountry "GER"]
[Tiebreak "Number of wins+Number of black wins"]
[SourceTitle "playchess.com"]
[Source "ChessBase"]
[SourceQuality "1"]
[TimeControl "180+2"]

1. e4 {[%emt 0:00:00]} c5 {[%emt 0:00:00]} 2. Nf3 d6 3. d4 {[%emt 0:00:00]}
cxd4 {[%emt 0:00:00]} 4. Nxd4 {[%emt 0:00:01]} Nf6 {[%emt 0:00:01]} 5. f3 {
[%emt 0:00:00]} a6 {[%emt 0:00:24]} 6. c4 {[%emt 0:00:02]} e6 {[%emt 0:00:01]}
7. Nc3 b6 {[%emt 0:00:01]} 8. Be3 {[%emt 0:00:02]} Bb7 {[%emt 0:00:01]} 9. Qd2
{[%emt 0:00:00]} Be7 {[%emt 0:00:01]} 10. Be2 {[%emt 0:00:01]} O-O {[%emt 0:00:
01]} 11. O-O {[%emt 0:00:01]} Qc7 {[%emt 0:00:01]} 12. Rac1 {[%emt 0:00:01]}
Nbd7 {[%emt 0:00:01]} 13. Rfd1 {[%emt 0:00:00]} Rac8 {[%emt 0:00:02]} 14. Bf1 {
[%emt 0:00:01]} Qb8 {[%emt 0:00:01]} 15. Kh1 {[%emt 0:00:01]} Bd8 {[%emt 0:00:
00]} 16. Qf2 {[%emt 0:00:01]} Bc7 {[%emt 0:00:01]} 17. Qg1 {[%emt 0:00:01]} Kh8
{[%emt 0:00:06]} 18. b4 {[%emt 0:00:13]} Rg8 {[%emt 0:00:01]} 19. Nde2 {
[%emt 0:00:14]} g5 {[%emt 0:00:04]} 20. Ng3 {[%emt 0:00:03]} Ne5 {[%emt 0:00:
07]} 21. Na4 {[%emt 0:00:27]} h5 {[%emt 0:00:26]} 22. Nxb6 {[%emt 0:00:27]}
Bxb6 {[%emt 0:00:12]} 23. Bxb6 {[%emt 0:00:00]} h4 {[%emt 0:00:01]} 24. Ne2 {
[%emt 0:00:13]} Nxc4 {[%emt 0:00:41]} 25. Bd4 {[%emt 0:00:18]} Ne5 {[%emt 0:00:
01]} 26. h3 {[%emt 0:00:15]} Nh5 {[%emt 0:00:38]} 27. Qe3 {[%emt 0:00:12]} f6 {
[%emt 0:00:01]} 28. Kg1 {[%emt 0:00:05]} Rxc1 {[%emt 0:00:11]} 29. Rxc1 {
[%emt 0:00:03]} Rc8 {[%emt 0:00:03]} 30. Bxe5 {[%emt 0:00:35]} dxe5 {[%emt 0:
00:04]} 31. Rc5 {[%emt 0:00:01]} Nf4 {[%emt 0:00:15]} 32. Nxf4 {[%emt 0:00:06]}
gxf4 {[%emt 0:00:09]} 33. Qf2 {[%emt 0:00:06]} Rxc5 {[%emt 0:00:01]} 34. Qxc5 {
[%emt 0:00:06]} Qd8 {[%emt 0:00:04]} 35. a4 {[%emt 0:00:08]} Qd4+ {[%emt 0:00:
04]} 36. Qxd4 {[%emt 0:00:04]} exd4 {[%emt 0:00:01]} 37. a5 {[%emt 0:00:09]}
Kg7 {[%emt 0:00:01]} 38. Kf2 {[%emt 0:00:02]} Kf7 {[%emt 0:00:02]} 39. Ke1 {
[%emt 0:00:03]} Ke7 {[%emt 0:00:01]} 40. Kd2 {[%emt 0:00:01]} Kd6 {[%emt 0:00:
01]} 41. b5 {[%emt 0:00:01]} axb5 {[%emt 0:00:03]} 42. Bxb5 {[%emt 0:00:01]}
Kc5 {[%emt 0:00:01]} 43. Bd3 {[%emt 0:00:04]} Bc6 {[%emt 0:00:04]} 44. Kc2 {
[%emt 0:00:07]} e5 {[%emt 0:00:01]} 45. Kb3 {[%emt 0:00:01]} Bb5 {[%emt 0:00:
02]} 46. a6 {[%emt 0:00:08]} Bc6 {[%emt 0:00:08]} 47. Ka3 {[%emt 0:00:02]} Kb6
{[%emt 0:00:06]} 48. Kb4 {[%emt 0:00:00]} Bd7 {[%emt 0:00:02]} 49. a7 {[%emt 0:
00:05]} Kxa7 {[%emt 0:00:01]} 50. Kc5 {[%emt 0:00:01]} Ba4 {[%emt 0:00:03]} 51.
Kd6 {[%emt 0:00:03]} Kb6 52. Ke6 {[%emt 0:00:01]} Bb5 {[%emt 0:00:03]} 53. Bc2
{[%emt 0:00:01]} d3 {[%emt 0:00:01]} 54. Bd1 {[%emt 0:00:04]} Kc5 {[%emt 0:00:
00]} 55. Kxf6 Kd4 {[%emt 0:00:02]} 56. Kg5 {[%emt 0:00:02]} Ke3 {[%emt 0:00:02]
} 57. Kxh4 {[%emt 0:00:01]} Kd2 {[%emt 0:00:04]} 58. Bb3 {[%emt 0:00:01]} Kc1 {
[%emt 0:00:02]} 59. Kg5 {[%emt 0:00:02]} d2 {[%emt 0:00:02]} 60. h4 {[%emt 0:
00:02]} Bd3 {[%emt 0:00:04]} 61. h5 {[%emt 0:00:02]} Bc2 {[%emt 0:00:00]} 62.
h6 {[%emt 0:00:05]} d1=Q {[%emt 0:00:02]} 63. h7 {[%emt 0:00:02]} Qd8+ {
[%emt 0:00:03]} 1/2-1/2

[Event "GER-ch Blitz 2019"]
[Site "Magdeburg"]
[Date "2019.05.25"]
[Round "25.15"]
[White "Buhmann, Rainer"]
[Black "Braeuer, Franz"]
[Result "0-1"]
[WhiteElo "2573"]
[BlackElo "2445"]
[Annotator "ChessBase"]
[PlyCount "154"]
[EventDate "2019.05.25"]
[EventType "tourn"]
[EventCountry "GER"]
[Tiebreak "Number of wins+Number of black wins"]
[SourceTitle "playchess.com"]
[Source "ChessBase"]
[SourceQuality "1"]
[TimeControl "180+2"]

1. d4 {[%emt 0:00:00]} Nf6 {[%emt 0:00:00]} 2. c4 {[%emt 0:00:00]} e6 {[%emt 0:
00:00]} 3. Nf3 d5 4. Nc3 {[%emt 0:00:05]} dxc4 {[%emt 0:00:02]} 5. e4 {[%emt 0:
00:04]} b5 {[%emt 0:00:01]} 6. e5 {[%emt 0:00:05]} Nd5 {[%emt 0:00:01]} 7. Nxb5
{[%emt 0:00:03]} Nb6 {[%emt 0:00:01]} 8. Be2 {[%emt 0:00:06]} Bb7 {[%emt 0:00:
01]} 9. O-O {[%emt 0:00:04]} Nc6 {[%emt 0:00:11]} 10. Qd2 {[%emt 0:00:23]} Be7
{[%emt 0:00:01]} 11. Qf4 {[%emt 0:00:06]} O-O {[%emt 0:00:01]} 12. Rd1 {
[%emt 0:00:09]} Nb4 {[%emt 0:00:30]} 13. Qg4 {[%emt 0:00:13]} Kh8 {[%emt 0:00:
02]} 14. Nc3 {[%emt 0:00:05]} Rb8 {[%emt 0:00:29]} 15. Ne4 {[%emt 0:00:18]} Nd3
{[%emt 0:00:18]} 16. Bxd3 {[%emt 0:00:08]} cxd3 {[%emt 0:00:02]} 17. Rxd3 {
[%emt 0:00:14]} c5 {[%emt 0:00:17]} 18. Nd6 {[%emt 0:00:06]} c4 {[%emt 0:00:40]
} 19. Rd1 {[%emt 0:00:05]} Bd5 {[%emt 0:00:25]} 20. Ng5 {[%emt 0:00:09]} Bxd6 {
[%emt 0:00:09]} 21. exd6 {[%emt 0:00:08]} h6 {[%emt 0:00:11]} 22. Nf3 {[%emt 0:
00:14]} Na4 {[%emt 0:00:06]} 23. Qh5 {[%emt 0:00:08]} Kh7 {[%emt 0:00:05]} 24.
Ng5+ {[%emt 0:00:06]} Kg8 {[%emt 0:00:01]} 25. Nh3 {[%emt 0:00:05]} Nxb2 {
[%emt 0:00:04]} 26. Bxb2 {[%emt 0:00:06]} Rxb2 {[%emt 0:00:01]} 27. Qe5 {
[%emt 0:00:04]} Rb6 {[%emt 0:00:02]} 28. Nf4 {[%emt 0:00:06]} Qxd6 {[%emt 0:00:
01]} 29. Nxd5 {[%emt 0:00:02]} Qxd5 {[%emt 0:00:03]} 30. Rac1 {[%emt 0:00:02]}
Rc8 {[%emt 0:00:03]} 31. Rc3 {[%emt 0:00:03]} Qxe5 {[%emt 0:00:02]} 32. dxe5 {
[%emt 0:00:01]} Rb5 {[%emt 0:00:00]} 33. f4 {[%emt 0:00:01]} Rb7 {[%emt 0:00:
05]} 34. Rd2 {[%emt 0:00:02]} Kf8 {[%emt 0:00:01]} 35. Kf2 Ke7 36. Ke3 {
[%emt 0:00:01]} Rc5 {[%emt 0:00:05]} 37. Rdc2 {[%emt 0:00:02]} Rbc7 {[%emt 0:
00:02]} 38. Kd4 {[%emt 0:00:03]} Rd5+ {[%emt 0:00:00]} 39. Ke3 {[%emt 0:00:01]}
Ra5 {[%emt 0:00:01]} 40. Kd4 {[%emt 0:00:04]} Ra4 {[%emt 0:00:06]} 41. Rxc4 {
[%emt 0:00:01]} Rcxc4+ {[%emt 0:00:01]} 42. Rxc4 {[%emt 0:00:01]} Rxa2 {
[%emt 0:00:01]} 43. Rc7+ {[%emt 0:00:01]} Ke8 {[%emt 0:00:00]} 44. Rc8+ {
[%emt 0:00:01]} Kd7 {[%emt 0:00:02]} 45. Rg8 {[%emt 0:00:03]} Rxg2 {[%emt 0:00:
01]} 46. Ra8 {[%emt 0:00:06]} Ra2 {[%emt 0:00:02]} 47. h4 {[%emt 0:00:01]} h5 {
[%emt 0:00:01]} 48. Rf8 {[%emt 0:00:03]} Ke7 {[%emt 0:00:01]} 49. Rb8 {[%emt 0:
00:01]} g6 {[%emt 0:00:01]} 50. Rb7+ {[%emt 0:00:01]} Kf8 {[%emt 0:00:00]} 51.
Rb8+ {[%emt 0:00:01]} Kg7 {[%emt 0:00:01]} 52. Ra8 {[%emt 0:00:01]} Ra4+ {
[%emt 0:00:01]} 53. Ke3 {[%emt 0:00:01]} a5 {[%emt 0:00:00]} 54. Kf3 {[%emt 0:
00:01]} Ra3+ {[%emt 0:00:04]} 55. Kg2 {[%emt 0:00:01]} a4 {[%emt 0:00:01]} 56.
Ra7 {[%emt 0:00:03]} Ra2+ {[%emt 0:00:02]} 57. Kg3 {[%emt 0:00:01]} a3 {
[%emt 0:00:01]} 58. Ra8 {[%emt 0:00:01]} Ra1 {[%emt 0:00:01]} 59. Kg2 {[%emt 0:
00:01]} a2 {[%emt 0:00:01]} 60. Ra7 {[%emt 0:00:03]} Kf8 {[%emt 0:00:02]} 61.
Ra8+ {[%emt 0:00:02]} Ke7 {[%emt 0:00:01]} 62. Ra7+ {[%emt 0:00:01]} Kd8 {
[%emt 0:00:01]} 63. Ra8+ {[%emt 0:00:02]} Kc7 {[%emt 0:00:00]} 64. Ra3 {
[%emt 0:00:03]} Kc6 {[%emt 0:00:02]} 65. Ra7 {[%emt 0:00:03]} Kd5 {[%emt 0:00:
01]} 66. Ra4 {[%emt 0:00:01]} Kc5 {[%emt 0:00:04]} 67. Kh2 {[%emt 0:00:12]} Kb5
{[%emt 0:00:01]} 68. Ra7 {[%emt 0:00:01]} Kc4 {[%emt 0:00:01]} 69. Kg2 {
[%emt 0:00:02]} Kc3 {[%emt 0:00:03]} 70. Rc7+ {[%emt 0:00:02]} Kd3 {[%emt 0:00:
01]} 71. Ra7 {[%emt 0:00:01]} Rd1 {[%emt 0:00:11]} 72. Rxa2 {[%emt 0:00:05]}
Rd2+ {[%emt 0:00:01]} 73. Rxd2+ {[%emt 0:00:01]} Kxd2 {[%emt 0:00:01]} 74. Kf2
{[%emt 0:00:01]} Kd3 {[%emt 0:00:00]} 75. Kf3 {[%emt 0:00:01]} Kd4 {[%emt 0:00:
01]} 76. Kf2 {[%emt 0:00:03]} Ke4 {[%emt 0:00:01]} 77. Kg3 {[%emt 0:00:01]} Ke3
{[%emt 0:00:00]} 0-1

[Event "GER-ch Blitz 2019"]
[Site "Magdeburg"]
[Date "2019.05.25"]
[Round "26.1"]
[White "Hirneise, Jens"]
[Black "Gustafsson, Jan"]
[Result "1-0"]
[WhiteElo "2375"]
[BlackElo "2639"]
[Annotator "ChessBase"]
[PlyCount "143"]
[EventDate "2019.05.25"]
[EventType "tourn"]
[EventCountry "GER"]
[Tiebreak "Number of wins+Number of black wins"]
[SourceTitle "playchess.com"]
[Source "ChessBase"]
[SourceQuality "1"]
[TimeControl "180+2"]

1. e4 {[%emt 0:00:00]} e5 {[%emt 0:00:00]} 2. Nf3 {[%emt 0:00:00]} Nc6 {
[%emt 0:00:00]} 3. Bb5 {[%emt 0:00:01]} a6 {[%emt 0:00:00]} 4. Ba4 {[%emt 0:00:
01]} Nf6 {[%emt 0:00:02]} 5. d4 {[%emt 0:00:01]} exd4 {[%emt 0:00:03]} 6. O-O {
[%emt 0:00:01]} Be7 {[%emt 0:00:01]} 7. Re1 {[%emt 0:00:01]} b5 {[%emt 0:00:14]
} 8. e5 {[%emt 0:00:01]} Nxe5 {[%emt 0:00:05]} 9. Nxe5 {[%emt 0:00:02]} bxa4 {
[%emt 0:00:02]} 10. Qxd4 {[%emt 0:00:02]} O-O {[%emt 0:00:08]} 11. Nc3 {
[%emt 0:00:11]} Bb7 {[%emt 0:00:12]} 12. Qxa4 {[%emt 0:00:19]} c5 {[%emt 0:00:
34]} 13. Bg5 {[%emt 0:00:25]} d5 {[%emt 0:00:02]} 14. Nc6 {[%emt 0:00:15]} Bxc6
{[%emt 0:00:01]} 15. Qxc6 {[%emt 0:00:01]} Rc8 {[%emt 0:00:24]} 16. Qxa6 {
[%emt 0:00:10]} h6 {[%emt 0:00:01]} 17. Bxf6 {[%emt 0:00:31]} Bxf6 {[%emt 0:00:
02]} 18. Rad1 {[%emt 0:00:01]} Bxc3 {[%emt 0:00:06]} 19. bxc3 {[%emt 0:00:01]}
Qg5 {[%emt 0:00:18]} 20. Qd6 {[%emt 0:00:13]} Rfd8 {[%emt 0:00:03]} 21. Qe5 {
[%emt 0:00:13]} Ra8 {[%emt 0:00:06]} 22. h4 {[%emt 0:00:25]} Qxh4 {[%emt 0:00:
45]} 23. Rxd5 {[%emt 0:00:05]} Qc4 {[%emt 0:00:03]} 24. Rxc5 {[%emt 0:00:17]}
Qxa2 {[%emt 0:00:01]} 25. Qf5 {[%emt 0:00:17]} Re8 {[%emt 0:00:08]} 26. Rxe8+ {
[%emt 0:00:05]} Rxe8 {[%emt 0:00:01]} 27. Rc8 {[%emt 0:00:04]} Rxc8 {[%emt 0:
00:05]} 28. Qxc8+ {[%emt 0:00:02]} Kh7 {[%emt 0:00:01]} 29. Qf5+ {[%emt 0:00:
02]} g6 {[%emt 0:00:01]} 30. Qd3 {[%emt 0:00:02]} Qb1+ {[%emt 0:00:08]} 31. Kh2
{[%emt 0:00:01]} Qe1 {[%emt 0:00:06]} 32. Qf3 {[%emt 0:00:09]} Kg8 {[%emt 0:00:
03]} 33. g3 {[%emt 0:00:02]} h5 {[%emt 0:00:01]} 34. Kg2 {[%emt 0:00:00]} Qe6 {
[%emt 0:00:02]} 35. Qd3 {[%emt 0:00:04]} Qc6+ {[%emt 0:00:02]} 36. Kh2 {
[%emt 0:00:01]} Qf6 {[%emt 0:00:01]} 37. Qd4 {[%emt 0:00:01]} Qf5 {[%emt 0:00:
02]} 38. Qd2 {[%emt 0:00:06]} h4 {[%emt 0:00:01]} 39. gxh4 {[%emt 0:00:02]} Qe4
{[%emt 0:00:01]} 40. Kg3 {[%emt 0:00:02]} Qe5+ {[%emt 0:00:02]} 41. f4 {
[%emt 0:00:02]} Qe4 {[%emt 0:00:03]} 42. Qd3 {[%emt 0:00:02]} Qe1+ {[%emt 0:00:
01]} 43. Kf3 {[%emt 0:00:01]} Qxh4 {[%emt 0:00:02]} 44. c4 {[%emt 0:00:00]}
Qh1+ {[%emt 0:00:03]} 45. Ke3 {[%emt 0:00:01]} Qe1+ {[%emt 0:00:01]} 46. Kd4 {
[%emt 0:00:01]} Qf2+ {[%emt 0:00:04]} 47. Ke4 {[%emt 0:00:01]} Qe1+ {[%emt 0:
00:03]} 48. Kd5 {[%emt 0:00:03]} Qe6+ {[%emt 0:00:04]} 49. Kc5 {[%emt 0:00:02]}
Qc8+ {[%emt 0:00:01]} 50. Kd4 {[%emt 0:00:05]} Qc7 {[%emt 0:00:02]} 51. Qe4 {
[%emt 0:00:02]} Qd6+ {[%emt 0:00:01]} 52. Kc3 {[%emt 0:00:02]} Qa3+ {[%emt 0:
00:01]} 53. Kd2 {[%emt 0:00:02]} Qb4+ {[%emt 0:00:01]} 54. Kd3 {[%emt 0:00:01]}
Qd6+ {[%emt 0:00:01]} 55. Qd4 {[%emt 0:00:03]} Qa6 {[%emt 0:00:03]} 56. c3 {
[%emt 0:00:03]} Qa1 {[%emt 0:00:05]} 57. c5 {[%emt 0:00:02]} Qf1+ {[%emt 0:00:
02]} 58. Kc2 {[%emt 0:00:01]} Qe2+ {[%emt 0:00:02]} 59. Kb3 {[%emt 0:00:01]}
Qe6+ {[%emt 0:00:01]} 60. Kb4 {[%emt 0:00:02]} f6 {[%emt 0:00:03]} 61. Qd8+ {
[%emt 0:00:03]} Kg7 {[%emt 0:00:02]} 62. Qc7+ {[%emt 0:00:01]} Kh6 {[%emt 0:00:
01]} 63. Qd6 {[%emt 0:00:01]} Qe4+ {[%emt 0:00:02]} 64. Qd4 {[%emt 0:00:02]}
Qb1+ {[%emt 0:00:02]} 65. Ka5 {[%emt 0:00:01]} Qa2+ {[%emt 0:00:02]} 66. Kb6 {
[%emt 0:00:01]} Qb3+ {[%emt 0:00:02]} 67. Kc7 {[%emt 0:00:02]} Qf7+ {[%emt 0:
00:01]} 68. Kc6 {[%emt 0:00:05]} Qe6+ {[%emt 0:00:03]} 69. Kc7 {[%emt 0:00:04]}
Qe7+ {[%emt 0:00:02]} 70. Kb6 {[%emt 0:00:01]} g5 {[%emt 0:00:04]} 71. fxg5+ {
[%emt 0:00:02]} fxg5 {[%emt 0:00:01]} 72. Qd6+ {[%emt 0:00:01]} 1-0

[Event "GER-ch Blitz 2019"]
[Site "Magdeburg"]
[Date "2019.05.25"]
[Round "26.2"]
[White "Frischmann, Rick"]
[Black "Stern, Rene"]
[Result "1-0"]
[WhiteElo "2320"]
[BlackElo "2538"]
[Annotator "ChessBase"]
[PlyCount "67"]
[EventDate "2019.05.25"]
[EventType "tourn"]
[EventCountry "GER"]
[Tiebreak "Number of wins+Number of black wins"]
[SourceTitle "playchess.com"]
[Source "ChessBase"]
[SourceQuality "1"]
[TimeControl "180+2"]

1. e4 {[%emt 0:00:00]} e5 {[%emt 0:00:00]} 2. Nf3 {[%emt 0:00:00]} Nc6 {
[%emt 0:00:00]} 3. d4 {[%emt 0:00:00]} exd4 {[%emt 0:00:00]} 4. Nxd4 {[%emt 0:
00:01]} Nf6 {[%emt 0:00:01]} 5. Nxc6 bxc6 {[%emt 0:00:01]} 6. e5 {[%emt 0:00:
01]} Qe7 {[%emt 0:00:01]} 7. Qe2 {[%emt 0:00:01]} Nd5 {[%emt 0:00:02]} 8. h4 {
[%emt 0:00:01]} a5 {[%emt 0:00:03]} 9. c4 {[%emt 0:00:22]} Ba6 {[%emt 0:00:03]}
10. Rh3 {[%emt 0:00:04]} Qb4+ {[%emt 0:00:18]} 11. Kd1 {[%emt 0:00:28]} Nb6 {
[%emt 0:00:03]} 12. b3 {[%emt 0:00:18]} O-O-O {[%emt 0:00:11]} 13. Ba3 {
[%emt 0:00:05]} Qxa3 {[%emt 0:00:07]} 14. Nxa3 Bxa3 {[%emt 0:00:01]} 15. Kc2 {
[%emt 0:00:06]} Rhe8 {[%emt 0:00:09]} 16. f4 {[%emt 0:00:16]} f6 {[%emt 0:00:
13]} 17. Rd1 {[%emt 0:00:09]} fxe5 {[%emt 0:00:25]} 18. fxe5 {[%emt 0:00:01]}
Re7 {[%emt 0:00:03]} 19. Re3 {[%emt 0:00:36]} Bc5 {[%emt 0:00:12]} 20. Re4 {
[%emt 0:00:00]} Rde8 {[%emt 0:00:02]} 21. Qg4 {[%emt 0:00:07]} Kb8 {[%emt 0:00:
04]} 22. Bd3 {[%emt 0:00:02]} g6 {[%emt 0:00:19]} 23. Rde1 {[%emt 0:00:00]} Bc8
{[%emt 0:00:03]} 24. Qg5 {[%emt 0:00:04]} Re6 {[%emt 0:00:07]} 25. g4 {[%emt 0:
00:15]} Bf8 {[%emt 0:00:06]} 26. Qf4 {[%emt 0:00:07]} Bg7 {[%emt 0:00:02]} 27.
Qd2 {[%emt 0:00:04]} Rxe5 {[%emt 0:00:09]} 28. Rxe5 {[%emt 0:00:03]} Rxe5 {
[%emt 0:00:01]} 29. Rxe5 {[%emt 0:00:03]} Bxe5 {[%emt 0:00:01]} 30. Qxa5 {
[%emt 0:00:01]} d6 {[%emt 0:00:02]} 31. c5 {[%emt 0:00:06]} Nd5 {[%emt 0:00:02]
} 32. Be4 {[%emt 0:00:11]} Bxg4 {[%emt 0:00:17]} 33. Bxd5 {[%emt 0:00:01]} cxd5
{[%emt 0:00:01]} 34. Qb4+ {[%emt 0:00:01]} 1-0

[Event "GER-ch Blitz 2019"]
[Site "Magdeburg"]
[Date "2019.05.25"]
[Round "26.3"]
[White "Schulz, Karsten"]
[Black "Zuyev, Igor"]
[Result "1/2-1/2"]
[WhiteElo "2227"]
[BlackElo "2447"]
[Annotator "NA"]
[PlyCount "68"]
[EventDate "2019.05.25"]
[EventType "tourn"]
[EventCountry "GER"]
[Tiebreak "Number of wins+Number of black wins"]
[SourceTitle "playchess.com"]
[Source "ChessBase"]
[SourceQuality "1"]
[TimeControl "180+2"]

1. Nf3 {[%emt 0:00:00]} c5 {[%emt 0:00:00]} 2. c4 {[%emt 0:00:00]} g6 {[%emt 0:
00:26]} 3. g3 {[%emt 0:00:02]} Nf6 {[%emt 0:00:04]} 4. Bg2 {[%emt 0:00:03]} Bg7
{[%emt 0:00:04]} 5. Nc3 {[%emt 0:00:01]} O-O {[%emt 0:00:04]} 6. O-O {[%emt 0:
00:02]} Nc6 {[%emt 0:00:04]} 7. d4 {[%emt 0:00:01]} cxd4 {[%emt 0:00:06]} 8.
Nxd4 {[%emt 0:00:01]} Qb6 {[%emt 0:00:09]} 9. Nc2 {[%emt 0:00:02]} d6 {[%emt 0:
00:11]} 10. b3 {[%emt 0:00:02]} Qa5 {[%emt 0:00:06]} 11. Bd2 {[%emt 0:00:09]}
Qh5 {[%emt 0:00:06]} 12. e4 {[%emt 0:00:04]} Bd7 {[%emt 0:00:07]} 13. Qxh5 {
[%emt 0:00:04]} Nxh5 {[%emt 0:00:05]} 14. Rad1 {[%emt 0:00:02]} Nf6 {[%emt 0:
00:05]} 15. h3 {[%emt 0:00:05]} Rac8 {[%emt 0:00:05]} 16. Ne3 {[%emt 0:00:07]}
a6 {[%emt 0:00:05]} 17. Ned5 {[%emt 0:00:07]} Nxd5 {[%emt 0:00:07]} 18. Nxd5 {
[%emt 0:00:02]} Bd4 {[%emt 0:00:05]} 19. Be3 {[%emt 0:00:39]} Bxe3 {[%emt 0:00:
09]} 20. Nxe3 {[%emt 0:00:01]} Rcd8 {[%emt 0:00:05]} 21. f4 {[%emt 0:00:07]} b5
{[%emt 0:00:04]} 22. Kf2 {[%emt 0:00:05]} f6 {[%emt 0:00:06]} 23. Rc1 {[%emt 0:
00:09]} Nb4 {[%emt 0:00:05]} 24. Ra1 {[%emt 0:00:13]} bxc4 {[%emt 0:00:06]} 25.
Nxc4 {[%emt 0:00:02]} Bb5 {[%emt 0:00:06]} 26. Rfd1 {[%emt 0:00:16]} Bxc4 {
[%emt 0:00:05]} 27. bxc4 {[%emt 0:00:01]} a5 {[%emt 0:00:02]} 28. a3 {[%emt 0:
00:20]} Na6 {[%emt 0:00:04]} 29. Rab1 {[%emt 0:00:01]} Nc5 {[%emt 0:00:05]} 30.
Ke3 {[%emt 0:00:03]} Kf7 {[%emt 0:00:05]} 31. Rb5 {[%emt 0:00:02]} Ke6 {
[%emt 0:00:06]} 32. h4 {[%emt 0:00:02]} Rde8 {[%emt 0:00:10]} 33. Rdb1 {
[%emt 0:00:02]} a4 {[%emt 0:00:04]} 34. Bf1 {[%emt 0:00:09]} Kf7 {[%emt 0:00:
07]} 1/2-1/2